000
00328nam a2200133Ia 4500
008
191201s1999 xx 000 0 und d
082
_a
005.74
_b
LED
100
_a
LEON, Alexis
245
0
_a
Database Management Systems
260
_a
N.Delhi
_b
Leon Press Chennai
_c
1999
300
_a
988
650
_a
B.Tech(IT)
942
_2
ddc
_c
BK
999
_c
3027
_d
3027